000 01170cam a22002891i 4500
003 SA-RiAUC
005 20251103135557.0
008 251015s1971 sy g b 00010 ara c
040 _aSA-RiAUC
_bara
_cSA-RiAUC
_erda
050 4 _b.M84 1971
082 0 4 _a250
_qSA-RiAUC
090 _a250
_bم ح م
100 0 _aمحمد الخضر حسين،
_d1876-1958
_eمؤلف.
245 1 2 _aالشريعة الإسلامية صالحة لكل زمان ومكان /
_cمحمد الخضر حسين ؛ أشرف على طبعة ونشره علي الرضا التونسي.
264 1 _aدمشق :
_bعلي الرضا التونسي،
_c1971
300 _a224 صفحة ؛
_c24 سم
336 _aنص
_btxt
_2rdacontent
_3كتاب
337 _aبدون وسيط
_bn
_2rdamedia
338 _aمجلد
_bnc
_2rdacarrier
504 _aيشتمل على إرجاعات ببليوجرافية.
650 7 _aالأدلة الشرعية
_2aucsh
650 7 _aالشريعة الإسلامية
_2aucsh
653 _aالنوادر
700 1 _aالتونسي، علي الرضا،
_d1935-
_eمشرف.
942 _2ddc
_cBOOK
_n0
949 _aSA-JeALM
_d251015
_umohamedma123
_n1
999 _c12995
_d12995